000 00537nam a22001937a 4500
003 SISC
005 20160303150433.0
008 130724t xxu||||| |||| 00| 0 eng d
050 _aPS 3527
_b.B278 1979
082 _aCLA
_bB61mh 1979
100 _aBligh, William
_93528
245 _aThe mutiny on board H.M.S. bount /
_cby William Bligh, adapted by Deborah Kestel.
260 _aNew York :
_bMoby books,
_cc1979.
300 _a237 p. ;
_c14 cm.
562 _e1
700 _aBligh, William
_93529
942 _2lcc
_cBK
999 _c7606
_d7606